000 00475nam a2200181Ia 4500
001 11338
005 20260306162820.0
008 260306t2021||||xx |||||||||||||| ||spa||
041 _aESP
082 _a985.033
_bB38
100 _aBelmonte, Alexandre
_eAUT
245 0 _aMesianismo, reformismo, rebelión:
_blos Andes en el siglo de la ilustración
260 _c2021
300 _a362 páginas :
_c23 cm.
650 _aGEN
654 _aCHU
942 _cLIB
_dJUS
_fJUS
_2ddc
_n
999 _c11338
_d11338